Quiz Culture Générale #6 - Statistiques

Statistiques générales
  • Ce quiz a été pris 58 fois
  • Le résultat moyen est 5 sur 15
Statistiques - réponses
Question Réponse % Correct
Le vrai prénom de Dorothée (du club Dorothée) est : Frédérique Hoschedé
71%
Combien de spermatozoïdes sont produits chaque jours par les testicules ? 10 000 000
57%
Quel est le poids que peut supporter un cheveu humain ? 3 kilos
57%
Quel mot n'est pas un énantiosème ? Abréger
43%
Qu'a fait Vesna Vulovic en 1972 ? Elle a survécu à une chute de plus de + 10 000 m
43%
Quel animal possède 2 pénis ? Les Raies
43%
Que donne le mélange entre un lion et une tigresse ? Un ligre
43%
Combien de mot masculin finissent par "ette" dans la langue française ? 1
29%
Quelle info animalière est fausse ? Les chauves-souris sont aveugles
29%
Que signifie : Krung Thep mahanakhon amon rattanakosin mahintara ayuthaya mahadilok phop noppharat ratchathani burirom udomratchaniwet mahasathan amon piman awatan sathit sakkathattiya witsanukam prast ? Le vrai nom de la ville de Bangkok
29%
A quelle vitesse nage un éléphant ? 2km/h
14%
Combien de temps (en moyenne) passe-t-on devant un feu rouge dans notre vie ? 6 mois
14%
Qui était président de la République après George Pompidou ? Alain Poher
14%
Quand il crie, on dit que le hibou ... ? Bouboule
14%
Que font les membres de l'associations "Les amis de Jaures" lorsqu'ils font un repas pour commémorer la mort de Jean Jaures Ils ne finissent pas leur dessert
14%
Aucun quiz correspondant
Distribution des résultats
% des personnes avec chaque résultat
Percentile par nombre de réponses
Votre historique - résultats
Vous n’avez pas pris ce quiz